000 00206 a2200085 4500
020 _a9783319829241
100 _aDORINA POJANI
245 _aTHE URBAN TRANSPORT CRISIS IN EMERGING ECONOMIES
260 _bSPRINGER
999 _c13039
_d13039